| 000 -LEADER |
| fixed length control field |
01410nam a2200241Ia 4500 |
| 001 - CONTROL NUMBER |
| control field |
10436 |
| 003 - CONTROL NUMBER IDENTIFIER |
| control field |
GE_BSU |
| 008 - FIXED-LENGTH DATA ELEMENTS--GENERAL INFORMATION |
| fixed length control field |
181216s||||||||xx |||||||||||||| ||und|| |
| 010 ## - LIBRARY OF CONGRESS CONTROL NUMBER |
| LC control number |
9992895233 |
| 020 ## - INTERNATIONAL STANDARD BOOK NUMBER |
| International Standard Book Number |
821.353.1-3+821.353.1-31+821.353.1-32 |
| 040 ## - CATALOGING SOURCE |
| Transcribing agency |
GE_BSU |
| 100 ## - MAIN ENTRY--PERSONAL NAME |
| Personal name |
გამსახურდია,კონსტანტინე |
| 245 ## - TITLE STATEMENT |
| Title |
ქართული პროზაწ.35: დიონისოს ღიმილი;ლანდებთან ლაციცი;ნოველები |
| 245 ## - TITLE STATEMENT |
| Remainder of title |
წ.35:დიონისოს ღიმილი;ლანდებთან ლაციცი;ნოველები |
| 245 ## - TITLE STATEMENT |
| Statement of responsibility, etc. |
სარედ.კოლ:გრ.აბაშიძე და სხვ.შეადგინა მანანა არჩვაძე-გამსახურდიამ;რედ:რუსუდან სირაძე,ნინო სარჯველაძე;მხატვ:გიორგი ავსაჯანიშვილი,დავით დუნდუა. |
| 260 ## - PUBLICATION, DISTRIBUTION, ETC. |
| Place of publication, distribution, etc. |
თბილისი |
| 260 ## - PUBLICATION, DISTRIBUTION, ETC. |
| Name of publisher, distributor, etc. |
საქართველო-3 |
| 260 ## - PUBLICATION, DISTRIBUTION, ETC. |
| Date of publication, distribution, etc. |
2003 |
| 300 ## - PHYSICAL DESCRIPTION |
| Extent |
624გვ;20სმ. |
| 653 ## - INDEX TERM--UNCONTROLLED |
| Uncontrolled term |
ქართული პროზა:წ.35:დიონისოს ღიმილი;ლანდებთან ლაციცი;ნოველები. |
| 942 ## - ADDED ENTRY ELEMENTS (KOHA) |
| Koha item type |
წიგნი |